A carregar...

Rashtreeya samskriti sampada: samskrithik paryatan evam paryavaran/

Detalhes bibliográficos
Autor principal: Jagmohan Negi
Formato: Printed Book
Publicado em: New Delhi: Thakshasila Prakasan, 2002.
Assuntos:
LEADER 00567nam a22001577a 4500
020 |a 8179650235 
082 |a H 306.0954  |b JAG/R 
100 |a Jagmohan Negi 
245 |a Rashtreeya samskriti sampada:  |b samskrithik paryatan evam paryavaran/  |c by Jagmohan Negi. 
260 |a New Delhi:  |b Thakshasila Prakasan,  |c 2002. 
300 |a 399p. 
650 |a Culture India 
650 |a Social Sciences 
942 |c BK 
999 |c 58668  |d 58668 
952 |0 0  |1 0  |4 0  |6 H_306_095400000000000_JAG_R  |7 0  |9 81923  |a SSUS  |b SSUS  |c STACKS  |d 2016-02-08  |g 300.00  |o H 306.0954 JAG/R  |p 080336  |r 2016-02-08  |w 2016-02-08  |y BK